Top 20 Most Biodiverse Countries - Statistics

General Stats
  • This quiz has been taken 211 times
  • The average score is 17 of 20
Answer Stats
Rank BioD Index Answer % Correct
1 0.772 Brazil
99%
4 0.543 China
97%
2 0.614 Indonesia
96%
7 0.486 Australia
95%
6 0.508 Mexico
95%
3 0.576 Colombia
94%
10 0.406 USA
94%
9 0.442 India
93%
5 0.509 Peru
91%
14 0.326 DR Congo
90%
11 0.399 Venezuela
90%
19 0.302 Argentina
85%
8 0.444 Ecuador
82%
15 0.324 Malaysia
82%
13 0.331 South Africa
80%
20 0.299 Thailand
80%
12 0.338 Bolivia
78%
18 0.314 Vietnam
72%
16 0.323 Tanzania
70%
17 0.314 Papua New Guinea
63%
No matching quizzes found
Score Distribution
Percent of People with Each Score
Percentile by Number Answered
Your Score History
You have not taken this quiz